00621nam a22001097a 4500040000800000082002700008100002000035245031800055260002600373300002500399856008700424 cRUA aAGR PEN 2013 B054 Or.1 aPEN, SOVANNARA. aComparison of chemical and biocin fertilizer on mustard green under sandy loam soil condition ការប្រៀបធៀបជីបាយអូស៊ីននិងជីគីមីទៅលើដំណាំស្ពៃខៀវក្នុងលក្ខខណ្ឌដីល្បាយខ្សាច់ aPhnom PenhbRUAc2013 ax; 41p.bill.c29cm. uhttps://drive.google.com/file/d/1jODLJsMUtm4OoBXBBRAKDMvA6h1wYBQp/view?usp=sharing